| 000 | 00748nam a22002055i 4500 | ||
|---|---|---|---|
| 001 | 170020 | ||
| 003 | ES-MaACL | ||
| 005 | 20240521124637.0 | ||
| 008 | 090114s1991 sp |||| | spa d | ||
| 080 | _a821.134.2-14"19" | ||
| 100 | 1 |
_aCano, José Luis, _d1912-1999 _934532 |
|
| 245 | 1 | 0 |
_aPoemas olvidados / _cJosé Luis Cano ; introducción Manuel Alvar ; dibujos Eduardo Carretero ... [et al.] ; cartas María Zambrano. |
| 260 |
_aVélez-Málaga : _bArte y Cultura, _c1991. |
||
| 300 |
_a35 p. : _bil. ; _c25 cm. |
||
| 700 | 1 |
_aAlvar, Manuel, _d1923-2001 _920583 |
|
| 700 | 0 |
_aCarretero, Eduardo. _935712 |
|
| 700 | 1 |
_aZambrano, María, _d1904-1991 _9117914 |
|
| 852 |
_aES-MaACL _j2240-F-11 _9R.143600 |
||
| 999 |
_c170020 _d170020 |
||